000
00270nam a22001217a 4500
008
150521b xxu||||| |||| 00| 0 eng d
020
_a
8129705273
082
_a
004.36
100
_a
JOSEPH, JOSHY
245
_a
GRID COMPUTING
260
_a
INDIA
_b
PEARSON
_c
2004
942
_c
BK
999
_c
23145
_d
23145